Score 0/248 Timer 20:00
0 Plays Today
Country or territory Country % Correct
AFRICA - Southern AfricaSouth Africa
90.5%
AFRICA - Middle AfricaEquatorial Guinea
81%
AFRICA - Northern AfricaAlgeria
81%
EUROPE - Northern EuropeUnited Kingdom
79.7%
AFRICA - Eastern AfricaMauritius
79.1%
AFRICA - Eastern AfricaUnited Republic of Tanzania
79.1%
AFRICA - Eastern AfricaSomalia
78.5%
OCEANIA - MelanesiaPapua New Guinea
78.5%
AFRICA - Eastern AfricaRwanda
77.8%
AFRICA - Middle AfricaCentral African Republic
77.8%
AFRICA - Northern AfricaLibyan Arab Jamahiriya
77.8%
AFRICA - Northern AfricaMorocco
77.8%
AFRICA - Northern AfricaSudan
77.8%
AFRICA - Eastern AfricaUganda
77.2%
AFRICA - Middle AfricaCongo
77.2%
AFRICA - Northern AfricaEgypt
77.2%
AFRICA - Northern AfricaTunisia
77.2%
AFRICA - Western AfricaNiger
77.2%
AMERICAS -North AmericaUnited States of America
77.2%
AFRICA - Eastern AfricaKenya
76.6%
AFRICA - Middle AfricaAngola
76.6%
AFRICA - Northern AfricaSouth Sudan
76.6%
AFRICA - Western AfricaGhana
76.6%
AFRICA - Western AfricaGuinea
76.6%
AFRICA - Western AfricaGuinea-Bissau
76.6%
AFRICA - Eastern AfricaMozambique
75.9%
AFRICA - Eastern AfricaZimbabwe
75.9%
AFRICA - Western AfricaTogo
75.9%
ASIA - Eastern AsiaChina
75.9%
ASIA - Southern AsiaIndia
75.9%
AFRICA - Eastern AfricaComoros
75.3%
AFRICA - Eastern AfricaEritrea
75.3%
AFRICA - Eastern AfricaEthiopia
75.3%
AFRICA - Eastern AfricaMadagascar
75.3%
AFRICA - Eastern AfricaMalawi
75.3%
AFRICA - Eastern AfricaSeychelles
75.3%
AFRICA - Eastern AfricaZambia
75.3%
AFRICA - Middle AfricaChad
75.3%
AFRICA - Western AfricaBenin
75.3%
ASIA - Western AsiaSaudi Arabia
75.3%
EUROPE - Eastern EuropeRussian Federation
75.3%
EUROPE - Northern EuropeSweden
75.3%
AFRICA - Eastern AfricaBurundi
74.7%
AFRICA - Eastern AfricaDjibouti
74.7%
AFRICA - Middle AfricaDemocratic Republic of the Congo
74.7%
AFRICA - Southern AfricaLesotho
74.7%
AFRICA - Western AfricaBurkina Faso
74.7%
AFRICA - Western AfricaNigeria
74.7%
AFRICA - Western AfricaSenegal
74.7%
EUROPE - Northern EuropeIreland
74.7%
AFRICA - Southern AfricaBotswana
74.1%
AFRICA - Southern AfricaNamibia
74.1%
AFRICA - Western AfricaLiberia
74.1%
AFRICA - Western AfricaMali
74.1%
AFRICA - Western AfricaSierra Leone
74.1%
ASIA - Southern AsiaIran (Islamic Republic of)
74.1%
ASIA - Western AsiaIraq
74.1%
ASIA - Western AsiaTurkey
74.1%
EUROPE - Northern EuropeFinland
74.1%
EUROPE - Northern EuropeNorway
74.1%
AMERICAS - CaribbeanSaint Vincent and the Grenadines
74.1%
AFRICA - Southern AfricaSwaziland
73.4%
AFRICA - Western AfricaGambia (The)
73.4%
EUROPE - Southern EuropeSpain
73.4%
AFRICA - Western AfricaMauritania
72.8%
ASIA - Western AsiaIsrael
72.8%
ASIA - Western AsiaOman
72.8%
AFRICA - Middle AfricaCameroon
72.2%
ASIA - Central AsiaKazakhstan
72.2%
ASIA - Western AsiaYemen
72.2%
EUROPE - Eastern EuropeUkraine
72.2%
EUROPE - Western EuropeAustria
72.2%
AMERICAS -North AmericaCanada
72.2%
ASIA - Southern AsiaSri Lanka
71.5%
AMERICAS - Central AmericaMexico
71.5%
ASIA - Eastern AsiaMongolia
70.9%
ASIA - Southern AsiaMaldives
70.9%
ASIA - South-Eastern AsiaThailand
70.9%
ASIA - Western AsiaJordan
70.9%
EUROPE - Southern EuropePortugal
70.9%
EUROPE - Western EuropeFrance
70.9%
AMERICAS - South AmericaArgentina
70.9%
ASIA - Eastern AsiaRepublic of Korea
70.3%
Country or territory Country % Correct
ASIA - Central AsiaTajikistan
70.3%
ASIA - Central AsiaTurkmenistan
70.3%
ASIA - Central AsiaUzbekistan
70.3%
ASIA - Southern AsiaAfghanistan
70.3%
ASIA - Southern AsiaPakistan
70.3%
ASIA - South-Eastern AsiaSingapore
70.3%
ASIA - Western AsiaAzerbaijan
70.3%
ASIA - Western AsiaCyprus
70.3%
EUROPE - Eastern EuropeBelarus
70.3%
EUROPE - Eastern EuropeBulgaria
70.3%
EUROPE - Eastern EuropeRomania
70.3%
EUROPE - Western EuropeBelgium
70.3%
AMERICAS - South AmericaBrazil
70.3%
ASIA - Eastern AsiaJapan
69.6%
ASIA - Southern AsiaNepal
69.6%
ASIA - South-Eastern AsiaIndonesia
69.6%
ASIA - Western AsiaGeorgia
69.6%
EUROPE - Northern EuropeDenmark
69.6%
EUROPE - Southern EuropeMalta
69.6%
EUROPE - Western EuropeGermany
69.6%
OCEANIA - OthersAustralia
69.6%
ASIA - Central AsiaKyrgyzstan
69%
ASIA - Southern AsiaBhutan
69%
ASIA - Western AsiaArmenia
69%
ASIA - Western AsiaBahrain
69%
ASIA - Western AsiaSyrian Arab Republic
69%
ASIA - Central AsiaTaiwan
68.4%
AFRICA - Middle AfricaGabon
68.4%
AFRICA - Western AfricaCôte d'Ivoire
68.4%
ASIA - Southern AsiaBangladesh
68.4%
ASIA - Western AsiaKuwait
68.4%
ASIA - Western AsiaQatar
68.4%
ASIA - Western AsiaUnited Arab Emirates
68.4%
EUROPE - Eastern EuropePoland
68.4%
EUROPE - Northern EuropeEstonia
68.4%
EUROPE - Northern EuropeIceland
68.4%
EUROPE - Southern EuropeItaly
68.4%
EUROPE - Western EuropeNetherlands
68.4%
ASIA - Eastern AsiaDem. People's Republic of Korea
67.7%
ASIA - South-Eastern AsiaMalaysia
67.7%
ASIA - Western AsiaLebanon
67.7%
EUROPE - Eastern EuropeRepublic of Moldova
67.7%
EUROPE - Southern EuropeAlbania
67.7%
EUROPE - Southern EuropeCroatia
67.7%
AMERICAS - Central AmericaBelize
67.7%
AMERICAS - South AmericaColombia
67.7%
OCEANIA - OthersNew Zealand
67.7%
AFRICA - Middle AfricaSao Tome and Principe
67.1%
ASIA - South-Eastern AsiaBrunei Darussalam
67.1%
ASIA - South-Eastern AsiaViet Nam
67.1%
EUROPE - Eastern EuropeCzech Republic
67.1%
EUROPE - Eastern EuropeSlovakia
67.1%
EUROPE - Northern EuropeLatvia
67.1%
EUROPE - Northern EuropeLithuania
67.1%
EUROPE - Southern EuropeGreece
67.1%
EUROPE - Southern EuropeSerbia
67.1%
EUROPE - Southern EuropeSlovenia
67.1%
AMERICAS - South AmericaChile
67.1%
AMERICAS - South AmericaVenezuela (Bolivarian Republic of)
67.1%
AMERICAS -North AmericaGreenland
67.1%
AFRICA - Western AfricaSaint Helena
66.5%
AMERICAS - Central AmericaCosta Rica
66.5%
AMERICAS - Central AmericaHonduras
66.5%
ASIA - South-Eastern AsiaCambodia
65.8%
AMERICAS - CaribbeanSaint Kitts and Nevis
65.8%
AMERICAS - Central AmericaGuatemala
65.8%
AMERICAS - South AmericaBolivia (Plurinational State of)
65.8%
AFRICA - Eastern AfricaRéunion
65.2%
AFRICA - Western AfricaCape Verde
65.2%
EUROPE - Southern EuropeAndorra
65.2%
EUROPE - Southern EuropeKosovo
65.2%
EUROPE - Southern EuropeMontenegro
65.2%
EUROPE - Southern EuropeMacedonia
65.2%
EUROPE - Western EuropeLuxembourg
65.2%
EUROPE - Western EuropeSwitzerland
65.2%
AMERICAS - CaribbeanBahamas
65.2%
AMERICAS - Central AmericaNicaragua
65.2%
AMERICAS - South AmericaUruguay
65.2%
ASIA - South-Eastern AsiaLao People's Democratic Republic
64.6%
ASIA - South-Eastern AsiaPhilippines
64.6%
EUROPE - Western EuropeMonaco
64.6%
AMERICAS - CaribbeanSaint Lucia
64.6%
AMERICAS - Central AmericaEl Salvador
64.6%
Country or territory Country % Correct
AMERICAS - Central AmericaPanama
64.6%
AMERICAS - South AmericaParaguay
64.6%
AMERICAS - South AmericaPeru
64.6%
OCEANIA - PolynesiaAmerican Samoa
64.6%
EUROPE - Eastern EuropeHungary
63.9%
EUROPE - Southern EuropeBosnia and Herzegovina
63.9%
AMERICAS - CaribbeanBarbados
63.9%
AMERICAS - South AmericaEcuador
63.9%
EUROPE - Southern EuropeSan Marino
63.3%
EUROPE - Western EuropeLiechtenstein
63.3%
AMERICAS - CaribbeanCuba
63.3%
ASIA - South-Eastern AsiaMyanmar
62.7%
AMERICAS - CaribbeanDominica
62.7%
AMERICAS - CaribbeanJamaica
62.7%
AMERICAS - CaribbeanTrinidad and Tobago
62.7%
AMERICAS - South AmericaGuyana
62.7%
AMERICAS - South AmericaSuriname
62.7%
EUROPE - Southern EuropeGibraltar
62%
EUROPE - Southern EuropeVatican
62%
AMERICAS - CaribbeanAntigua and Barbuda
61.4%
AMERICAS - CaribbeanDominican Republic
61.4%
ASIA - Eastern AsiaHong Kong
60.8%
AMERICAS - CaribbeanHaiti
60.8%
OCEANIA - MelanesiaFiji
60.8%
OCEANIA - PolynesiaSamoa
60.8%
AMERICAS - CaribbeanAruba
60.1%
AMERICAS - CaribbeanBritish Virgin Islands
60.1%
OCEANIA - MicronesiaMicronesia (Fed. States of)
59.5%
ASIA - South-Eastern AsiaTimor-Leste
58.2%
AMERICAS - CaribbeanGrenada
58.2%
OCEANIA - MicronesiaKiribati
58.2%
OCEANIA - MicronesiaNauru
58.2%
OCEANIA - MicronesiaMarshall Islands
57.6%
OCEANIA - MicronesiaPalau
57%
AFRICA - Eastern AfricaMayotte
56.3%
OCEANIA - MelanesiaSolomon Islands
56.3%
OCEANIA - PolynesiaTonga
56.3%
AMERICAS - South AmericaFrench Guiana
55.7%
OCEANIA - MelanesiaVanuatu
55.1%
OCEANIA - MicronesiaGuam
54.4%
OCEANIA - PolynesiaTuvalu
54.4%
AMERICAS - CaribbeanMartinique
53.8%
AMERICAS - CaribbeanPuerto Rico
53.2%
AMERICAS -North AmericaBermuda
53.2%
EUROPE - Northern EuropeChannel Islands
52.5%
AFRICA - Eastern AfricaZanzibar
51.9%
AMERICAS - CaribbeanCayman Islands
51.9%
AMERICAS - South AmericaFalkland Islands
51.9%
AMERICAS - CaribbeanSaint-Martin
51.3%
EUROPE - Northern EuropeIsle of Man
50.6%
OCEANIA - PolynesiaFrench Polynesia
50.6%
EUROPE - Southern EuropeCanary Islands
50%
AMERICAS - CaribbeanTurks and Caicos Islands
50%
AMERICAS - CaribbeanCuraçao
49.4%
AMERICAS - CaribbeanSint Maarten
49.4%
OCEANIA - PolynesiaCook Islands
46.8%
EUROPE - Northern EuropeSvalbard and Jan Mayen islands
46.2%
AMERICAS - CaribbeanAnguilla
46.2%
AMERICAS - CaribbeanGuadeloupe
46.2%
AMERICAS - CaribbeanUnited States Virgin Islands
46.2%
EUROPE - Northern EuropeÅland Islands
45.6%
OCEANIA - OthersChristmas Island
45.6%
OCEANIA - MelanesiaNew Caledonia
44.9%
OCEANIA - MicronesiaNorthern Mariana Islands
44.3%
AMERICAS -North AmericaSaint Pierre and Miquelon
42.4%
AFRICA - Western AfricaTristan da Cunha
41.8%
AFRICA - Western AfricaAscension
40.5%
AMERICAS - CaribbeanMontserrat
39.9%
OCEANIA - OthersCocos
39.9%
OCEANIA - PolynesiaNiue
39.9%
ASIA - Eastern AsiaMacao
39.2%
AMERICAS - CaribbeanBonaire
39.2%
OCEANIA - PolynesiaPitcairn
38%
OCEANIA - OthersNorfolk Island
36.1%
OCEANIA - PolynesiaTokelau
34.8%
EUROPE - Southern EuropeCeuta
34.2%
AMERICAS - CaribbeanSint Eustatius
33.5%
AMERICAS - CaribbeanSaint-Barthélemy
32.3%
OCEANIA - PolynesiaWallis and Fortuna
31.6%
EUROPE - Southern EuropeMelilla
30.4%
AMERICAS - CaribbeanSaba
29.7%
EUROPE - Northern EuropeFaeroe Islands
22.8%
Remove Ads.
Support Sporcle.
Get the best of Sporcle when you Go Orange. This ad-free experience offers more features, more stats, and more fun while also helping to support Sporcle. Thank you for becoming a member.

You're not logged in!

Compare scores with friends on all Sporcle quizzes.
OR
Log In

Show Comments

Extras

Top Quizzes Today


Score Distribution

Your Account Isn't Verified!

In order to create a playlist on Sporcle, you need to verify the email address you used during registration. Go to your Sporcle Settings to finish the process.

Report this User

Report this user for behavior that violates our Community Guidelines.

Details: